| 000 | 03175nam a2200385Ia 4500 | ||
|---|---|---|---|
| 001 | bslw09358228 | ||
| 003 | UtOrBLW | ||
| 005 | 20210303085049.0 | ||
| 006 | m o d | ||
| 007 | cr un||||||||| | ||
| 008 | 150821s2015 enk ob 000 0 eng d | ||
| 020 |
_a9781783509942 (electronic bk.) : _cĐ87.95 ; <U+20ac>121.95 ; $154.95 |
||
| 040 | _aUtOrBLW | ||
| 050 | 4 |
_aG155.A1 _bT68 2015 |
|
| 072 | 7 |
_aKNSG _2bicssc |
|
| 072 | 7 |
_aBUS081000 _2bisacsh |
|
| 080 | _a338.48 | ||
| 082 | 0 | 4 |
_a338.4791 _223 |
| 245 | 0 | 0 |
_aTourism research frontiers _h[electronic resource] : _bbeyond the boundaries of knowledge / _cedited by Donna Chambers, Tijana Rakic<U+0301>. |
| 260 |
_aBingley, U.K. : _bEmerald, _c2015. |
||
| 300 | _a1 online resource (x, 233 p.) | ||
| 490 | 1 |
_aTourism social science series, _x1571-5043 ; _vv. 20 |
|
| 504 | _aIncludes bibliographical references. | ||
| 505 | 0 | _aTourism research frontiers / Donna Chambers, Tijana Rakic<U+0301> -- Popculture tourism / Szilvia Gyimo<U+0301>thy ... [et al.] -- The tourismization of Ilha Grande, Brazil / Teresa Cristina de Miranda Mendonc<U+0327>a -- Gospel festivals as heterotopia / Donna Chambers -- Tourism of spiritual growth as a voyage of Discovery / Marco Antonio Robledo -- The salience of tourism in politics / Ercil T.A. Charles Jr., Donna Chambers -- Right-wing visual rhetoric and Switzerland's tourism image / William Feighery -- Sustainable island tourism / Jerome L. McElroy -- Destination evolution and network dynamics / Jarle Aarstad, Ha<U+030a>vard Ness, Sven A. Haugland -- Conclusion / Donna Chambers, Tijana Rakic<U+0301>. | |
| 520 | _aThis book recognizes that while tourism research has undoubtedly penetrated and gone beyond a number of knowledge frontiers, frontiers are never static, but are constantly shifting and changing form in the context of a dynamic environment. This book therefore is a much needed contribution which acknowledges the imperative for continuous innovation and renewal in tourism research if it is to remain relevant. In this regard the book contains original papers which span a number of creative topics and debates and which transcend existing frontiers of tourism knowledge, including pop-culture tourism, gospel festivals as heterotopia, tourism and elections, articulations of the concept of tourismization and tourism of spiritual growth and critical explorations of the tourism image of Switzerland as represented in right wing visual rhetoric. Importantly this original text also includes novel discussions of sustainability and destination evolution and network dynamics. The book concludes with reflections from the editors on additional frontiers of tourism research and knowledge still to be traversed. | ||
| 588 | 0 | _aPrint version record | |
| 650 | 7 |
_aBusiness & Economics _xIndustries _xHospitality, Travel & Tourism. _2bisacsh |
|
| 650 | 7 |
_aTourism industry. _2bicssc |
|
| 650 | 0 |
_aTourism _xResearch. |
|
| 700 | 1 | _aChambers, Donna. | |
| 700 | 1 | _aRakic, Tijana. | |
| 776 | 1 | _z9781783509935 | |
| 830 | 0 |
_aTourism social science series ; _vv. 20. |
|
| 856 | 4 | 0 | _uhttps://www.emerald.com/insight/publication/doi/10.1108/S1571-5043201520 |
| 999 |
_c30656 _d30656 |
||